A growing trend towards litigation (Record no. 82529)

MARC details
000 -LEADER
fixed length control field 01071cab a22002055a 4500
001 - CONTROL NUMBER
control field L150491
008 - FIXED-LENGTH DATA ELEMENTS--GENERAL INFORMATION
fixed length control field 100720e20100605xxk 000 0 eng d
035 ## - SYSTEM CONTROL NUMBER
System control number (Sirsi) u150491
041 0# - LANGUAGE CODE
Language code of text/sound track or separate title eng
100 1# - MAIN ENTRY--PERSONAL NAME
Personal name Ricketts, Simon
245 02 - TITLE STATEMENT
Title A growing trend towards litigation
260 ## - PUBLICATION, DISTRIBUTION, ETC.
Date of publication, distribution, etc. 2010
490 ## - SERIES STATEMENT
Series statement Estates Gazette
Volume/sequential designation (1022) 5 June 2010, 101(1)
520 ## - SUMMARY, ETC.
Summary, etc. Examines the growing trend towards judicial reviews of planning permissions and the way this can disrupt developers. Describes the effects of protective cost orders which cap the costs awarded against the claimant if they lose. Notes the effect of "Uniplex (UK) Ltd v NHS Business Services Authority" (2010) which challenged the courts increasing willingness to reject judicial review claims that are brought towards the end of the three month review period. This may lead to more claims being brought after this deadline.
590 ## - LOCAL NOTE (RLIN)
Local note KA
650 24 - SUBJECT ADDED ENTRY--TOPICAL TERM
Topical term or geographic name entry element UNIPLEX (UK) LTD V NHS BUSINESS SERVICES AUTHORITY
651 #4 - SUBJECT ADDED ENTRY--GEOGRAPHIC NAME
Geographic name ENGLAND AND WALES
690 ## - LOCAL SUBJECT ADDED ENTRY--TOPICAL TERM (OCLC, RLIN)
Topical term or geographic name as entry element PLANNING AND DEVELOPMENT-CASE LAW
942 ## - ADDED ENTRY ELEMENTS (KOHA)
Suppress in OPAC 0
Holdings
Withdrawn status Lost status Source of classification or shelving scheme Damaged status Not for loan Home library Current library Shelving location Date acquired Total Checkouts Full call number Barcode Date last seen Copy number Price effective from Koha item type
    Dewey Decimal Classification     London London Journal article 20/07/2010   L150491 150491-1001 06/08/2019 1 06/08/2019 Journal article